| Registos Bibliográficos associados ao registo de autoridade |
|
Etiqueta de registo: 00835cam 02200277 04500 001 14207 003 http://id.bnportugal.gov.pt/bib/catbnp/14207 005 19981111114300.0 095 ## $aPTBN00014577 100 ## $a19861101d1986 m y0pora0103 ba 101 1# $apor$cfre 102 ## $aPT 200 1# $aIntrodução à física quântica$fSven Ortoli, Jean-Pierre Pharabod$gtrad. Manuel Ruas 205 ## $a1ª ed 210 #9 $a[Lisboa]$cD. Quixote,$d1986 215 ## $a140 p.$cil.$d24 cm 225 2# $aUniversidade Moderna$v81 304 ## $aTit. orig. Le cantique des quantiques 675 ## $a530-1$vmed$zpor$3292049 700 #1 $aOrtoli,$bSven$3276000 701 #1 $aPharabod,$bJean-Pierre$4070$3292050 702 #1 $aRuas,$bManuel$4730$325196 801 #0 $aPT$bBN$gRPC 966 ## $lBN$mFGMON$sS.A. 64287 V. 997 ## $aBIBEOD 998 ## $aFSE29 - 00036
Etiqueta de registo: 01159cam 2200373 450 001 946829 003 http://id.bnportugal.gov.pt/bib/catbnp/946829 005 19990811101600.0 010 ## $a972-41-1895-9 021 ## $aPT$b112665/97 095 ## $aPTBN00961195 100 ## $a19980219d1997 m y0pory0103 ba 101 1# $apor$cfre 102 ## $aPT 105 ## $ay z 001yy 106 ## $ar 200 1# $a A banheira de Arquimedes$epequena mitologia da ciência$fSven Ortoli, Nicolas Witkowski$gtrad. Isabel Mafra 205 ## $a1ª ed 210 #9 $aPorto$cAsa,$d1997 215 ## $a159, [1] p.$d21 cm 225 2# $aSinais.$iLiteratura 304 ## $aTít. orig.: La baignoire d'Archimède 320 ## $aBibliografia, p. 156-160 606 ## $2SIPOR$3276312 675 ## $a001.3(091)$vBN$zpor$3856364 700 #1 $aOrtoli,$bSven$3276000 701 #1 $aWitkowski,$bNicolas$4070$3276001 702 #1 $aMafra,$bIsabel,$f1956-$4730$327993 801 #0 $aPT$bBN$gRPC 966 ## $c2$lBN$mFGMON$sP. 13261 V.$x1 966 ## $c2$lBN$mFGMON$sP. 13261 V.$x1 966 ## $lBN$mFGMON$nOferecido à Biblioteca Nacional de Angola$pBulhosa Livreiros, Lda.,$sP. 14988 V.$x2
Etiqueta de registo: 00254nam 2200025 450 001 2284974 003 http://id.bnportugal.gov.pt/bib/catbnp/2284974 100 ## $a20260421d2010 m y0pory01030103ba 101 0# $afre 102 ## $aFR 105 ## $aa z 000yy 106 ## $ar 200 1# $aTintin au pays des philosophes$fPhilo Éditions 210 #9 $aParis$cPhilo Éditions$d2010 215 ## $a102 p.$cill. couleur$d28 225 2# $aPhilosophie.$iHors-série$v8$x2104-9246 304 ## $aEdição especial (capa dura) 304 ## $aCoordenação e direção de Sven Ortoli 304 ## $aColaboradores: Michel Serres, Elisabeth de Fontenay, Raphaël Enthoven, Gaëlle Jeanmart,
Léon Vandermeersch, Pierre Pachet, Jean-Marie Apostolidès, Serge Tisseron e Philippe
Descola 317 ## $aColeção Leandro de Moraes Sarmento$5PTBN: L.M.S. 408 330 ## $aExploração das aventuras de Tintim e da obra de Hergé através de conceitos de grandes
filósofos 517 1# $aPhilosophie Magazine. Hors-Sérire$eTintin au pays des philosophes 600 #1 $aHergé,$f1907-1983$xCrítica e interpretação$2SIPOR$31994685 606 ## $aTintin (Personagem de ficção)$xCrítica e interpretação$2SIPOR$31994699 675 ## $a741.5(493)Hergé(048)$vBN$zpor$31994686 702 #1 $aOrtoli,$bSven$4300$3276000 702 #1 $aSerres,$bMichel,$f1930-2019$4205$3110688 702 #1 $aFontenay,$bÉlisabeth de,$f1934-$4205$31996554 702 #1 $aEnthoven,$bRaphaël,$f1975$4205$31996555 702 #1 $aJeanmart,$bGaëlle$4205$31996556 702 #1 $aVandermeersch,$bLéon,$f1928-1921$4205$31172961 702 #1 $aPachet$bPierre,$f1937$4205$31996557 702 #1 $aApostolidès,$bJean-Marie,$f1943-2023$4205$3182044 702 #1 $aTisseron,$bSerge$f1948-$4205$3325059 702 #1 $aDescola,$bPhilippe,$f1949-$4205$31996558 710 02 $aPhilo Éditions$31996559 801 #0 $aPT$bBN$gRPC
966 ## $lBN$mFGMON$pBiblioteca particular Leandro de Moraes Sarmento$sL.M.S. 408 $x3
|
|
|